000 02578 a2200325 4500
001 OB-psn-8092
003 FrMaCLE
005 20251214082532.0
007 cu ||||||m||||
008 180917e||||||||xx |||||s|||||||||0|fr|d
020 _a978-2-87854-827-3
024 7 _a10.4000/books.psn.8092
_2doi
040 _aFR-FrMaCLE
041 _afra
100 1 _aTchougounnikov, Serguei
245 1 0 _aPëtr Bogatyrëv et les débuts du Cercle de Prague :
_bRecherches ethnographiques et théâtrales /
_cSerguei Tchougounnikov, Céline Trautmann-Waller.
260 _aParis :
_bPresses Sorbonne Nouvelle,
_c2018.
300 _a272 p.
500 _aEbook
520 _a C'est à Prague que le jeune ethnographe russe Pëtr Grigor'evič Bogatyrëv (1893- 1971), qui a fait partie avec Roman Jakobson des fondateurs du Cercle linguistique de Moscou, développe dans les années 1920 et 1930 une série de chantiers originaux qui concernent l'ethnographie rurale et l'étude du théâtre populaire. Ce volume propose une série de textes de cette période qui concernent les actes magiques, le costume populaire, la géographie ou les signes du théâtre et qu'éclairent les contributions de collègues français, allemands, suisses, russes et canadiens. L'oeuvre de Bogatyrëv est particulièrement évocatrice de la richesse des rencontres intellectuelles praguoises de l'entre-deux-guerres, dont le Cercle de Prague fut le fruit et l'illustration la plus célèbre. Marquée par les traditions ethnographiques russes mais aussi par le contact avec les formalistes, les héritiers de l'esthétique néo-herbartienne tchèque, la Volkskunde allemande de l'époque et les travaux de la linguistique et de l'ethnologie françaises, elle permet une approche transnationale de la genèse du premier structuralisme. Le dépassement des frontières nationales qui caractérise ces rencontres praguoises s'accompagne également d'un dépassement des séparations entre, d'un côté, formes artistiques populaires, en apparence « archaïques » et, de l'autre, formes artistiques urbaines et avant-gardistes, ainsi qu'entre discours théorique et pratique artistique.
540 _aOpenEdition Books License
_uhttps://www.openedition.org/12554
650 4 _aArts & Humanities
650 4 _aTheater
650 4 _athéâtre
650 4 _aethnographie
650 4 _aCercle de Prague
700 1 _aTrautmann-Waller, Céline
776 _z978-2-87854-577-7
856 4 _eTchougounnikov, Serguei
_uhttps://books.openedition.org/psn/8092
_yPëtr Bogatyrëv et les débuts du Cercle de Prague
999 _c897
_d897